| 000 | 00626nam a2200217 a 4500 | ||
|---|---|---|---|
| 001 | SSB041229 | ||
| 003 | SISC | ||
| 005 | 20160602114230.0 | ||
| 008 | |||
| 020 | _a9789381421796 | ||
| 050 |
_aG 155.A1 _b.Si64i 2012 |
||
| 100 | _aSinha, Swadesh. | ||
| 245 | 0 |
_aModern tourism in 21st century / _cSwadesh Sinha. |
|
| 250 | _a1st edition. | ||
| 260 |
_aNew Delhi : _bRandom Publications, _c2012. |
||
| 300 |
_aviii, 273 pages ; _c23 cm. |
||
| 500 | _aIncludes bibliographical reference and index. | ||
| 521 | _aTourism | ||
| 650 |
_aTourism _x20th century. |
||
| 942 |
_2lcc _cBK _kFOR |
||
| 999 |
_c275947 _d275947 |
||